| 000 | 00692nam a22002057a 4500 | ||
|---|---|---|---|
| 005 | 20081020144835.0 | ||
| 008 | 081020t xxu||||| |||| 00| 0 eng d | ||
| 010 | _aENG-84469 | ||
| 020 | _a8178842653 | ||
| 020 | _c800.00 (hb) | ||
| 035 | _aEN-68002 | ||
| 082 | _a628.162 / MAR | ||
| 100 | _aMaryam Noor | ||
| 245 |
_aComplete book on waste water treatment / _cby Maryam Noor |
||
| 260 |
_aNew Delhi _bCyber Tech Publications |
||
| 260 | _c2007 | ||
| 300 |
_a294p _c22cm |
||
| 942 |
_2ddc _cEN _h628.162 _m MAR |
||
| 999 |
_c17776 _d17776 |
||